000 00331nam a22001337a 4500
005 20230718144654.0
008 230718b ||||| |||| 00| 0 eng d
040 _cAL
041 _aeng
100 _aFuster J M
_9127636
245 _aPersonal Counselling
260 _aMumbai
_bBetter yourself Publishers
_c2000
942 _2ddc
_cBK
999 _c227962
_d227962